Israel y Fenicia

Збережено в:
Бібліографічні деталі
Автори: Fernández, Pilar (Автор), Wagner, Carlos G (Автор)
Формат: Книга
Мова:Іспанська
Опубліковано: Madrid Arlanza 2000
Серія:Historia de la Humanidad, 6
Предмети:
Теги: Додати тег
Немає тегів, Будьте першим, хто поставить тег для цього запису!

MARC

LEADER 00000nam a2200000 a 4500
001 UCG2723
003 CL-VaPUC
008 100723e20000000SP |||||||||||||||||spa|d
020 |a 8493073768 
082 0 4 |a 909  |b FER  |2 21 
100 0 |a Fernández, Pilar  |e author  |9 551293 
700 0 |a Wagner, Carlos G  |e author  |9 551294 
245 1 0 |a Israel y Fenicia 
300 |a v.6 
942 |c BK 
945 |d 20100723 00:00:00  |a mfarfan 
260 |a Madrid  |b Arlanza  |c 2000 
650 0 |a Civilizaciones antiguas  |9 265998 
650 0 |a Historia antigua  |9 267521 
650 0 |a Historia universal  |9 266877 
651 0 |a Israel  |9 314378 
651 7 |a FENICIA  |2 CL-VaPUC  |9 440524 
583 |a last modification  |c 20100723 00:00:00  |k Rodrigo Vera 
490 0 |a Historia de la Humanidad, 6 
999 |c 341849  |d 341847 
952 |0 0  |1 0  |4 0  |6 909_000000000000000_FER_2000  |7 0  |8 A  |9 437635  |a BIBHIS  |b BIBHIS  |d 2019-11-22  |i 4696131  |o 909 FER 2000  |p 4696131  |r 2025-01-20  |w 2019-11-22  |y BK  |k HIS